Manažér a tím, rozum a intuícia sa dopĺňajú.

Rozhodovanie - jadro manažérskej činnosti. Riešenie nového problému - systematický racionálny postup (prieskum, návrh, výber). Strom rozhodovania. Intuícia. Rozhodovanie za spoluúčasti skupiny, výhody a nevýhody.

Na minha lista:
Detalhes bibliográficos
Autor principal: Fronc, B.
Outros Autores: Caban, J., Slinčáková, M.
Formato: Capítulo de Livro
Idioma:eslovaco
Assuntos:
Tags: Adicionar Tag
Sem tags, seja o primeiro a adicionar uma tag!

MARC

LEADER 00000naa a2200000 4500
001 r012138
005 20220826094949.1
041 0 |a slo 
044 |a SK 
245 1 0 |a Manažér a tím, rozum a intuícia sa dopĺňajú.  |c B. Fronc, J. Caban, M. Slinčáková 
520 |a Rozhodovanie - jadro manažérskej činnosti. Riešenie nového problému - systematický racionálny postup (prieskum, návrh, výber). Strom rozhodovania. Intuícia. Rozhodovanie za spoluúčasti skupiny, výhody a nevýhody. 
610 2 0 |a manažment 
610 2 0 |a rozhodovanie 
610 2 0 |a práca tímová 
100 1 |a Fronc, B. 
700 1 |a Caban, J. 
700 1 |a Slinčáková, M.